Statistics for Big 10 Gymnastics Champions

Click here to take the quiz!

General Stats

  • This quiz has been taken 16 times
    (6 since last reset)
  • The average score is 27 of 274

Answer Stats

HintAnswer% Correct
Elise Ray
75%
Gabby Wilson
75%
Ivy Lu
75%
Lexy Ramler
75%
Mya Hooten
75%
Ona Loper
75%
Trish Wilson
75%
Brianna Brown
50%
Jerquavia Henderson
50%
Kiera Brown
50%
Lauren Guerin
50%
Natalie Wojcik
50%
Olivia Karas
50%
Shelley Brown
50%
2022Sierra Brooks
50%
2022Abby Heiskell
25%
Jennie Laeng
25%
Laura Johnson
25%
Lindsay Mable
25%
Merideth Chang
25%
Mia Takekawa
25%
Nicole Artz
25%
Nikki Peters
25%
Nikki Smith
25%
Taylor Houchin
25%
Alexis Maday
0%
Alyssa Marohn
0%
Amber See
0%
Angela Williams
0%
Annie Laatsch
0%
Becca Clauson
0%
Becky Bernard
0%
Beth Amelkovich
0%
Beth Benevente
0%
Beth Wymer
0%
Brandi Personett
0%
Briannah Tsang
0%
Bridget Hodan
0%
Bridget Knaeble
0%
Brittany Skinner
0%
Calli Ryals
0%
Camela Singer
0%
Camelina Carabajal
0%
Cara Pomeroy
0%
Carol McNamara
0%
Carolyn Hecht
0%
Carolyn Yernberg
0%
Cathy Keyser
0%
Cathy Zolkowski
0%
Chayla Hill
0%
Christine Michaud
0%
2022Colby Miller
0%
Corissa Pirkl
0%
Denise Lamborn
0%
Elena Lagoski
0%
Elizabeth Mahaney
0%
Ellen Casey
0%
Emily Arnold
0%
Emily Wong
0%
Emma McLean
0%
Gena Palm
0%
Gina Wiechmann
0%
Giselle Boniforti
0%
Grace Williams
0%
Heather Kabnick
0%
Heather Singalewitch
0%
Heather Singalwitch
0%
Hollie Blanske
0%
Houry Gebeshian
0%
Jamie Stone
0%
Janelle Giblin
0%
Janessa Grieco
0%
Jennifer Lauer
0%
Jenny Deiley
0%
Jessica Wolf
0%
Jessie DeZiel
0%
Joanna Sampson
0%
Jordan Sexton
0%
UBJudi Klein
0%
Julie Crall
0%
Julie Somers
0%
BBKarie Ploof
0%
Kate Stopper
0%
VTKathy Beckwith
0%
Kathy Burke
0%
Kathy Ness
0%
Katie Lieberman
0%
Katie Perrett
0%
Katie Rowland
0%
Katie Zurales
0%
Kelly Carfora
0%
Kelsey Joannides
0%
Kim Hartwick
0%
Kira Frederick
0%
Kristal Uzelac
0%
Kylee Botterman
0%
Laura Knutson
0%
Lauren Marinez
0%
Laurie Kaiser
0%
Lindsay Vagedes
0%
Lindsey Bruck
0%
Lindsey Vagedes
0%
Lisa Simes
0%
LIsa Wittwer
0%
Lisa Wittwer
0%
Lizzy LeDuc
0%
Lora Evenstad
0%
Lori Cole
0%
Lynn Devers
0%
Marie Roethlisberger
0%
Mary Jane Horth
0%
Mary Olsen
0%
Megan Schweihofer
0%
Michelle Ingalls
0%
Mindy Knaeble
0%
Mollie Drenth
0%
Natalie Beilstein
0%
Natalie Ettl
0%
Nicola Deans
0%
Nina Dziem
0%
Olivia Aepli
0%
Patti Monaghan
0%
Peggy Pullman
0%
AARobin Hueber
0%
| FXRobin Huebner
0%
Sachi Sugiyama
0%
Sarah Cain
0%
Sarah Curtis
0%
Sarah Miller
0%
Sarah Schmidt
0%
Shannon MacKenzie
0%
Sharaya Musser
0%
Stephanie Gran
0%
Sue Filardi
0%
Talia Chiarelli
0%
Tara Tagliarino
0%
Tracy Rinker
0%
Wendy Marshall
0%
Wendy Minch
0%
Wendy Wilkinson
0%

Score Distribution

Percentile by Number Answered

Percent of People with Each Score

Your Score History

You have not taken this quiz since the last reset